Welcome to the Holygrace Academy Library

Please use search bar below to get started

BAPTIZATION OF JESUS (Record no. 5624)

MARC details
000 -LEADER
fixed length control field 00320nam a22001457a 4500
020 ## - INTERNATIONAL STANDARD BOOK NUMBER
ISBN 818981406-0
082 ## - DEWEY DECIMAL CLASSIFICATION NUMBER
Classification number 823
Item number MEL/B
100 ## - MAIN ENTRY--AUTHOR NAME
Personal name MELDON BOOKS
245 ## - TITLE STATEMENT
Title BAPTIZATION OF JESUS
Remainder of title AND OTHER STORIES
260 ## - PUBLICATION, DISTRIBUTION, ETC. (IMPRINT)
Name of publisher MELDON BOOKS
300 ## - PHYSICAL DESCRIPTION
Number of Pages 16
520 ## - SUMMARY, ETC.
Summary, etc BIBLE STORIES
650 ## - SUBJECT ADDED ENTRY--TOPICAL TERM
Topical Term BIBLE STORIES
942 ## - ADDED ENTRY ELEMENTS (KOHA)
Koha item type Books
Holdings
Withdrawn status Lost status Collection code Home library Current library Shelving location Date acquired Source of acquisition Cost, normal purchase price Full call number Accession Number Koha item type
    Fiction Main Library Main Library SHELF 4-D MYTHOLOGY 04/02/2019 Purchase 35.00 823 MEL/B 11010 Books